Автоматизированное управление технологическими процессами: учебное пособие

מידע ביבליוגרפי
מחברים אחרים: Яковлев Б. В. Владимир Борисович (редактор)
שפה:רוסית
יצא לאור: Ленинград, Изд-во ЛГУ, 1988
נושאים:
פורמט: ספר
KOHA link:https://koha.lib.tpu.ru/cgi-bin/koha/opac-detail.pl?biblionumber=33311

MARC

LEADER 00000nam0a2200000 4500
001 33311
005 20231101210145.0
010 |a 5288000441 
035 |a (RuTPU)RU\TPU\book\33642 
035 |a BOOK00000293 
090 |a 33311 
100 |a 20011210d1988 km y0rusy50 ca 
101 0 |a rus 
102 |a RU 
105 |a y j 000zy 
200 1 |a Автоматизированное управление технологическими процессами  |e учебное пособие  |f под ред. В. Б. Яковлева 
210 |a Ленинград  |c Изд-во ЛГУ  |d 1988 
215 |a 224 с. 
606 1 |a Автоматизация технологических процессов  |2 stltpush  |3 (RuTPU)RU\TPU\subj\611  |9 29486 
610 1 |a АСУ 
610 1 |a технологические процессы 
610 1 |a алгоритмы 
610 1 |a применение 
610 1 |a анализ 
610 1 |a синтез 
610 1 |a методы 
610 1 |a учебные пособия 
675 |a 65.011.56(075.8)  |v 3 
702 1 |a Яковлев  |b Б. В.  |g Владимир Борисович  |4 340 
801 0 |a RU  |b 63413507  |c 20011210  |g PSBO 
801 2 |a RU  |b 63413507  |c 20201106  |g PSBO 
900 |a Автоматизированное управление технологическими процессами 
900 |a Программное обеспечение АСУ ТП 
900 |a Автоматизированные информационно-управляющие системы 
900 |a Автоматизированное управление в технических системах 
942 |c BK